00408 2200157 4500001002100000008004100021035002000062245004200082100001600124260003200140300002200172020002200194084001400216082000800230990001200238INLIS000000000002870 IND  a0010-0925000217 aMencintaimu Selalu IndahcAster Putih aAster Putih aJakartabRumah Oranyec2014 a180c(13 x 19 cm) a978-602-1588-61-1 a813 AST c a813 a0755092